000 00454nam a2200169Ia 4500
005 20140911125957.0
010 _aBAC-EN21
020 _a9788126531646
_c789.00
037 _bAsian Book Centre/Ven
100 _aMays, Larry W.
245 _aWater Resource Engineering /
_cby Larry W. Mays
250 _a2nd ed.
260 _c2012
_aNew Delhi
_bWiley India
300 _c24cm(pbk)
_a890p.:
_bill.
942 _cEN
_2ddc
999 _c88084
_d88084